000 01888nam a22004217a 4500
003 CHAP
005 20220329134619.0
008 971013s1972 r 00010 d
010 _a23028
011 _a24000
035 _a28097
040 _cCHAP
082 _a631.43
_bG38
100 0 0 _aGavande, Sampat A.
_947313
245 _aFísica de suelos
_b: principios y aplicaciones
260 _aMéxico, D.F. :
_bLimusa-Wiley,
_c1972
300 _a351 p.
_b: ilus
590 _aBATCH-UPD
_b10
_c20130110
_lUCH01
_h1526
590 _aBATCH-UPD
_b10
_c20130410
_lUCH01
_h0935
590 _aBATCH-UPD
_b10
_c20130914
_lUCH01
_h1533
590 _aCONVERSION
_b10
_c20130109
_lUCH01
_h1314
650 1 4 _aSuelos
_xFísica de.
_9110373
901 _aBK
942 _cLIBRO
949 _a631.43 G38
_bBC
_cLIBRO
_d-64847
_eLIBRO
_fc.2
_h10534
_i28097
_si
_t60.00
949 _a631.43 G38
_bBC
_cLIBRO
_d-64848
_eLIBRO
_fc.3
_h10535
_i28097
_si
_t60.00
949 _a631.43 G38
_bBC
_cLIBRO
_d-64853
_eLIBRO
_fc.8
_h37656
_i28097
_si
_t60.00
949 _a631.43 G38
_bBC
_cLIBRO
_d-64855
_eLIBRO
_fc.10
_h37658
_i28097
_si
_t60.00
949 _a631.43 G38
_bBC
_cLIBRO
_d-64857
_eLIBRO
_fc.13
_h39684
_i28097
_si
_t60.00
949 _a631.43 G38
_bBC
_cLIBRO
_d33724000069381
_eLIBRO
_fc.11
_h37659
_i28097
_si
_t60.00
949 _a631.43 G38
_bBC
_cLIBRO
_d33724000069399
_eLIBRO
_fc.9
_h37657
_i28097
_si
_t60.00
949 _a631.43 G38
_bBC
_cLIBRO
_d33724000069407
_eLIBRO
_fc.7
_h37655
_i28097
_si
_t60.00
949 _a631.43 G38
_bBC
_cLIBRO
_d33724000069415
_eLIBRO
_fc.6
_h26613
_i28097
_si
_t60.00
949 _a631.43 G38
_bBC
_cLIBRO
_d33724000069423
_eLIBRO
_fc.5
_h16069
_i28097
_si
_t60.00
949 _a631.43 G38
_bBC
_cLIBRO
_d33724000608865
_eLIBRO
_fc.12
_h39563
_i28097
_mD
_si
_t60.00
949 _a631.43 G38
_bBC
_cLIBRO
_d33724000792545
_eLIBRO
_h16811
_i28097
_si
_t60.00
949 _a631.43 G38
_bBC
_cLIBRO
_d33724000792917
_eLIBRO
_fc.4
_h10536
_i28097
_si
_t60.00
999 _c23028
_d23028